[Event "Deutsche Meisterschaft 2013"]
[Site "Saarbrücken"]
[Date "2013.09.12"]
[Round "7.21"]
[White "Lochte, Thomas"]
[Black "Schreiber, Kevin"]
[Result "1/2-1/2"]
[WhiteElo "2141"]
[BlackElo "1920"]
[PlyCount "120"]
[EventDate "2013.09.05"]

1. e4 d5 2. exd5 Qxd5 3. Nc3 Qd6 4. d4 Nf6 5. Nf3 c6 6. Bg5 Bg4 7. Be2 Nbd7 8.
O-O e6 9. h3 Bh5 10. Qd2 Be7 11. Bf4 Qb4 12. a3 Qb6 13. g4 Bg6 14. Be3 Qc7 15.
b4 O-O 16. Bd3 Nd5 17. Nxd5 cxd5 18. Rfe1 Rac8 19. Bf4 Bd6 20. Bxd6 Qxd6 21.
Ne5 Nxe5 22. Rxe5 Qb6 23. c3 Bxd3 24. Qxd3 Rc4 25. Qd2 Rfc8 26. Re3 Qc6 27. Rc1
a5 28. bxa5 Qb5 29. f4 Qxa5 30. f5 Qxa3 31. fxe6 fxe6 32. Rxe6 Rxc3 33. Re8+
Rxe8 34. Qxc3 Qxc3 35. Rxc3 Re4 36. Rc7 b5 37. Rc5 Rxd4 38. Rxb5 Rd2 39. Rb7 h6
40. Kf1 Kh7 41. Rb6 g6 42. Rb7+ Kg8 43. Rd7 Rh2 44. Rxd5 Rxh3 45. Kg2 Re3 46.
Rd7 Re6 47. Kg3 Re8 48. Ra7 Rf8 49. Rb7 Rf7 50. Rb6 Kg7 51. Ra6 Re7 52. Rb6 Kf7
53. Kf4 Re6 54. Rb7+ Kf6 55. Rh7 g5+ 56. Kf3 Ke5 57. Rf7 Rf6+ 58. Rxf6 Kxf6 59.
Ke4 Kg6 60. Kf3 Kg7 1/2-1/2

[Event "Deutsche Meisterschaft 2013"]
[Site "Saarbrücken"]
[Date "2013.09.13"]
[Round "8.1"]
[White "Donchenko, Alexander"]
[Black "Buhmann, Rainer"]
[Result "1/2-1/2"]
[WhiteElo "2467"]
[BlackElo "2580"]
[PlyCount "102"]
[EventDate "2013.09.05"]

1. Nf3 d5 2. g3 Nf6 3. Bg2 c6 4. O-O Bg4 5. c4 e6 6. d3 Be7 7. Qb3 Qb6 8. Qc2
O-O 9. Be3 c5 10. Ne5 Bh5 11. cxd5 Nxd5 12. Bc1 Qc7 13. d4 Na6 14. a3 Rac8 15.
g4 Bg6 16. Nxg6 hxg6 17. dxc5 Qxc5 18. Nc3 Nxc3 19. Qxc3 Qxc3 20. bxc3 Nc5 21.
a4 b6 22. Be3 Bf6 23. Ra3 Nd7 24. a5 Rxc3 25. Rxc3 Bxc3 26. axb6 axb6 27. h3
Rc8 28. Bb7 Rb8 29. Bc6 Nc5 30. Rb1 Be5 31. Bxc5 bxc5 32. Rxb8+ Bxb8 33. Bb5
Kf8 34. Kg2 Ke7 35. Kf3 Be5 36. Ke4 Bc3 37. f3 g5 38. Kd3 Be1 39. Ke4 Kd6 40.
Bc4 Kc6 41. e3 Kb6 42. f4 Bh4 43. f5 exf5+ 44. Kxf5 f6 45. Kg6 Bf2 46. Kxg7 Ka5
47. Kxf6 Kb4 48. Bg8 Bxe3 49. Kg6 c4 50. Bxc4 Kxc4 51. Kh5 Kd4 1/2-1/2

[Event "Deutsche Meisterschaft 2013"]
[Site "Saarbrücken"]
[Date "2013.09.13"]
[Round "8.2"]
[White "Stern, Rene"]
[Black "Svane, Rasmus"]
[Result "1/2-1/2"]
[WhiteElo "2509"]
[BlackElo "2445"]
[PlyCount "80"]
[EventDate "2013.09.05"]

1. d4 Nf6 2. c4 e6 3. Nc3 Bb4 4. Bd2 O-O 5. Nf3 c5 6. dxc5 Bxc5 7. g3 d5 8.
cxd5 exd5 9. Bg2 Nc6 10. O-O Re8 11. Rc1 d4 12. Na4 Bf8 13. b4 a6 14. Nc5 Bxc5
15. Rxc5 Ne4 16. Rh5 Qe7 17. a4 d3 18. exd3 Nxd2 19. Qxd2 Qxb4 20. Qxb4 Nxb4
21. Rb1 a5 22. Nd4 g6 23. Rc5 Rd8 24. Nb3 Nxd3 25. Rxa5 Bf5 26. Rxa8 Rxa8 27.
Ra1 Ra7 28. a5 Be6 29. Nd4 Bd7 30. f4 Nc5 31. Bf1 b6 32. a6 b5 33. Nxb5 Rxa6
34. Rxa6 Nxa6 35. Nd4 Nc5 36. Bc4 Kg7 37. Bd5 Kf6 38. Kf2 Be6 39. Bf3 h5 40.
Ke3 Bd7 1/2-1/2

[Event "Deutsche Meisterschaft 2013"]
[Site "Saarbrücken"]
[Date "2013.09.13"]
[Round "8.3"]
[White "Oberhofer, Andre"]
[Black "Bischoff, Klaus"]
[Result "0-1"]
[WhiteElo "2329"]
[BlackElo "2500"]
[PlyCount "112"]
[EventDate "2013.09.05"]

1. e4 c5 2. c3 Nf6 3. e5 Nd5 4. d4 cxd4 5. cxd4 d6 6. Nf3 e6 7. Bc4 Nb6 8. Bd3
N8d7 9. Nc3 dxe5 10. Nxe5 Nxe5 11. dxe5 Bd7 12. O-O Bc6 13. Qe2 Nd5 14. Ne4 Qc7
15. f4 Be7 16. Kh1 O-O 17. Be3 Nxe3 18. Qxe3 Rfd8 19. Rad1 Rd7 20. Bc2 Rad8 21.
Rxd7 Qxd7 22. Nd6 Bxd6 23. Rd1 Qc7 24. Qd3 g6 25. exd6 Qb6 26. Qg3 Qxb2 27. Bb3
Kg7 28. h4 h5 29. Kh2 a5 30. Qg5 Rd7 31. Qe5+ Qxe5 32. fxe5 a4 33. Bc4 b5 34.
Bd3 b4 35. Rc1 Bd5 36. Bb5 Rd8 37. Bxa4 Bxa2 38. Rc7 Bd5 39. Rc5 b3 40. Rb5 Bc6
41. Rb4 Bxa4 42. Rxa4 Rb8 43. Ra1 b2 44. Rb1 Kf8 45. Kg3 Rb4 46. Kf3 Ke8 47.
Ke3 Kd7 48. Kd3 f6 49. Kc3 Rxh4 50. exf6 Rf4 51. Rxb2 Kxd6 52. Rb5 Rf5 53. f7
Rxf7 54. Rg5 Rf6 55. Kd4 Rf4+ 56. Ke3 Rg4 0-1

[Event "Deutsche Meisterschaft 2013"]
[Site "Saarbrücken"]
[Date "2013.09.13"]
[Round "8.4"]
[White "Graf, Felix"]
[Black "Kopylov, Michael"]
[Result "1-0"]
[WhiteElo "2481"]
[BlackElo "2457"]
[PlyCount "53"]
[EventDate "2013.09.05"]

1. d4 Nf6 2. Nf3 g6 3. c4 c5 4. Nc3 Bg7 5. e4 cxd4 6. Nxd4 Nc6 7. Nc2 O-O 8.
Be2 d6 9. h4 Bd7 10. h5 Qa5 11. Bd2 Rfc8 12. Nd5 Qd8 13. Bc3 Ne5 14. Nxf6+ Bxf6
15. hxg6 hxg6 16. Qd2 Qf8 17. Ne3 Be6 18. f4 Nxc4 19. Bxf6 exf6 20. Bxc4 Bxc4
21. b3 Qe7 22. bxc4 Qxe4 23. O-O Kg7 24. Rad1 Re8 25. Rf3 Qe6 26. Qxd6 Qe4 27.
Qd4 1-0

[Event "Deutsche Meisterschaft 2013"]
[Site "Saarbrücken"]
[Date "2013.09.13"]
[Round "8.5"]
[White "Braun, Christian"]
[Black "Wagner, Dennis"]
[Result "0-1"]
[WhiteElo "2362"]
[BlackElo "2472"]
[PlyCount "70"]
[EventDate "2013.09.05"]

1. e4 e5 2. Nf3 Nc6 3. Bb5 a6 4. Ba4 Nf6 5. O-O Be7 6. Re1 b5 7. Bb3 d6 8. c3
O-O 9. d4 Bg4 10. d5 Na5 11. Bc2 c6 12. h3 Bc8 13. dxc6 Qc7 14. Nbd2 Qxc6 15.
Nf1 Be6 16. Ng3 Rac8 17. Nh4 g6 18. f4 exf4 19. Bxf4 Nc4 20. Qc1 Nh5 21. Nhf5
Bxf5 22. exf5 Nxf4 23. Qxf4 d5 24. fxg6 fxg6 25. Qh6 Bc5+ 26. Kh1 Rf2 27. Bb3
Qf6 28. Bxc4 bxc4 29. Rf1 Rf8 30. Rxf2 Bxf2 31. Ne2 Qe5 32. Ng1 Bg3 33. Rd1 Rf2
34. Nf3 Qe4 35. Rg1 Qxf3 0-1

[Event "Deutsche Meisterschaft 2013"]
[Site "Saarbrücken"]
[Date "2013.09.13"]
[Round "8.6"]
[White "Fridman, Daniel"]
[Black "Schöne, Ralf"]
[Result "1-0"]
[WhiteElo "2614"]
[BlackElo "2345"]
[PlyCount "113"]
[EventDate "2013.09.05"]

1. d4 Nf6 2. Nf3 g6 3. c4 Bg7 4. g3 d6 5. Bg2 O-O 6. Nc3 a6 7. O-O Nc6 8. Bf4
Nd7 9. Qd2 e5 10. Bg5 f6 11. Be3 Ne7 12. Bh6 Bxh6 13. Qxh6 Nf5 14. Qd2 c6 15.
dxe5 dxe5 16. Ne4 Qe7 17. b4 Nb6 18. c5 Rd8 19. Qb2 Nd5 20. Nfd2 Be6 21. Nc4
Nc7 22. Ncd6 Nb5 23. Nxb7 Qxb7 24. Nxf6+ Kf7 25. Ng4 Ne7 26. Nxe5+ Kg8 27. Rfd1
Qc7 28. f4 Rxd1+ 29. Rxd1 Rd8 30. Rd2 a5 31. a4 Na7 32. Kf2 Rb8 33. Rd6 Qc8 34.
Bh3 Bxh3 35. Qa2+ Kh8 36. Qa1 Kg8 37. Qa2+ Kh8 38. Qb2 Kg8 39. Qb3+ Kh8 40. Qc3
Kg8 41. Qc4+ Kh8 42. Qd4 Kg8 43. Qc4+ Kh8 44. Rd8+ Qxd8 45. Nf7+ Kg7 46. Nxd8
Rxd8 47. Qa6 Nac8 48. b5 cxb5 49. axb5 Bf5 50. Qxa5 Re8 51. Qa8 Nd6 52. Qa1+
Kf7 53. cxd6 Nd5 54. Qa7+ Kg8 55. e4 Bxe4 56. Qd4 Bh1 57. d7 1-0

[Event "Deutsche Meisterschaft 2013"]
[Site "Saarbrücken"]
[Date "2013.09.13"]
[Round "8.7"]
[White "Krämer, Martin"]
[Black "Schleining, Zoya"]
[Result "1-0"]
[WhiteElo "2542"]
[BlackElo "2377"]
[PlyCount "93"]
[EventDate "2013.09.05"]

1. d4 Nf6 2. c4 g6 3. Nc3 Bg7 4. e4 O-O 5. Nf3 d6 6. Be2 e5 7. O-O Nc6 8. d5
Ne7 9. Ne1 Ne8 10. Be3 f5 11. f3 f4 12. Bf2 c5 13. Nd3 h5 14. b4 b6 15. Rb1 Bf6
16. bxc5 bxc5 17. Qa4 g5 18. Rb2 Kh8 19. Rfb1 Bd7 20. Qa6 Bc8 21. Qa4 Bd7 22.
Qa6 Bc8 23. Qa3 g4 24. Rb8 Rxb8 25. Rxb8 Qc7 26. Ra8 a6 27. Qb3 Rg8 28. Kh1 g3
29. Be1 gxh2 30. Qb8 Qa5 31. Ra7 Qd8 32. Bf1 Ng6 33. Na4 Bh4 34. Bc3 Nf6 35.
Nb6 Ne7 36. Qc7 Qxc7 37. Rxc7 Re8 38. Nxe5 dxe5 39. d6 Ng6 40. Nxc8 Bg3 41.
Rxc5 Rd8 42. Ba5 Rg8 43. Rc7 Nf8 44. Ne7 Rg7 45. Nf5 Rg6 46. Rc8 N6d7 47. c5
1-0

[Event "Deutsche Meisterschaft 2013"]
[Site "Saarbrücken"]
[Date "2013.09.13"]
[Round "8.8"]
[White "Pfretzschner, Roland"]
[Black "Blübaum, Matthias"]
[Result "0-1"]
[WhiteElo "2232"]
[BlackElo "2514"]
[PlyCount "114"]
[EventDate "2013.09.05"]

1. e4 e6 2. d4 d5 3. Nc3 Nf6 4. e5 Nfd7 5. f4 c5 6. Nf3 Be7 7. Be3 O-O 8. Qd2
b6 9. Be2 Ba6 10. O-O Bxe2 11. Qxe2 Nc6 12. Rae1 Kh8 13. Kh1 a6 14. Qf2 Rc8 15.
Ne2 f5 16. exf6 Nxf6 17. c3 Ne4 18. Qg1 Bd6 19. Nd2 Nxd2 20. Bxd2 Qf6 21. Be3
Ne7 22. Ng3 Nf5 23. Nxf5 exf5 24. dxc5 bxc5 25. Rd1 Qf7 26. Rd2 Rfd8 27. Rfd1
Bf8 28. Qf1 Rc6 29. Qf3 Re6 30. Bg1 Re4 31. a3 a5 32. Qf1 Qb7 33. Qf3 h6 34. h3
Qc6 35. Rd3 a4 36. Qf2 Qe6 37. R3d2 Kh7 38. Qf1 Qc6 39. Qf3 Be7 40. Rd3 Rd7 41.
R3d2 Bd8 42. Qf2 Bb6 43. Qf1 Bc7 44. Qf2 d4 45. cxd4 cxd4 46. Qf1 Rxf4 47. Rf2
Rxf2 48. Qxf2 Qe6 49. Qc2 Be5 50. Qxa4 d3 51. Qb4 Qd5 52. Qd2 Qb3 53. Qf2 g6
54. Rd2 Bxb2 55. Qc5 Bxa3 56. Qc6 Qd5 57. Qc3 Bf8 0-1

[Event "Deutsche Meisterschaft 2013"]
[Site "Saarbrücken"]
[Date "2013.09.13"]
[Round "8.9"]
[White "Poetsch, Hagen"]
[Black "Jugelt, Tobias"]
[Result "1-0"]
[WhiteElo "2468"]
[BlackElo "2429"]
[PlyCount "69"]
[EventDate "2013.09.05"]

1. e4 Nf6 2. e5 Nd5 3. d4 d6 4. c4 Nb6 5. f4 dxe5 6. fxe5 Nc6 7. Be3 Bf5 8. Nc3
Qd7 9. Be2 Rd8 10. Nf3 e6 11. O-O Be7 12. d5 exd5 13. Bxb6 axb6 14. cxd5 Nb4
15. Nd4 Bc5 16. Kh1 Bxd4 17. e6 fxe6 18. Qxd4 Nxd5 19. Bh5+ Kf8 20. Nxd5 Qxd5
21. Qh4 Qd4 22. Qe1 g6 23. Qxe6 Kg7 24. Qe7+ Kh6 25. Rad1 Qc5 26. Qh4 Rxd1 27.
Bxd1+ Kg7 28. Re1 Rf8 29. b4 Qd6 30. Bb3 Rf6 31. g4 Qd4 32. Re7+ Kf8 33. Qe1
Bxg4 34. Re8+ Kg7 35. Rg8+ 1-0

[Event "Deutsche Meisterschaft 2013"]
[Site "Saarbrücken"]
[Date "2013.09.13"]
[Round "8.10"]
[White "Carow, Johannes"]
[Black "Lubbe, Nikolas"]
[Result "0-1"]
[WhiteElo "2375"]
[BlackElo "2432"]
[PlyCount "64"]
[EventDate "2013.09.05"]

1. d4 Nf6 2. c4 c5 3. d5 d6 4. Nc3 g6 5. e4 Bg7 6. f3 O-O 7. Nge2 a6 8. a4 e5
9. Ng3 h5 10. Bd3 Nh7 11. O-O h4 12. Nge2 Nd7 13. Be3 Ndf6 14. a5 Nh5 15. Na4
f5 16. exf5 Bxf5 17. Nb6 Rb8 18. Rb1 Qe7 19. Nc3 Nf4 20. Bxf5 Rxf5 21. b4 cxb4
22. Rxb4 Rbf8 23. Qd2 Ng5 24. c5 dxc5 25. d6 Qf7 26. Rbb1 e4 27. Bxf4 Bxc3 28.
Qxc3 Rxf4 29. Qxc5 Ne6 30. Qe5 h3 31. Rfe1 exf3 32. gxf3 Rg4+ 0-1

[Event "Deutsche Meisterschaft 2013"]
[Site "Saarbrücken"]
[Date "2013.09.13"]
[Round "8.11"]
[White "Schwarz, Frank"]
[Black "Plischki, Sebastian"]
[Result "0-1"]
[WhiteElo "2249"]
[BlackElo "2436"]
[PlyCount "98"]
[EventDate "2013.09.05"]

1. d4 Nf6 2. Nf3 g6 3. Bf4 Bg7 4. e3 O-O 5. h3 d6 6. Be2 c5 7. c3 cxd4 8. cxd4
Qb6 9. Qb3 Be6 10. Qxb6 axb6 11. Nc3 Nd5 12. Nxd5 Bxd5 13. a3 Nc6 14. O-O Na5
15. Rac1 Rfc8 16. Nd2 e5 17. dxe5 dxe5 18. Bg3 e4 19. b4 Nb3 20. Nxb3 Bxb3 21.
Rc7 Rxc7 22. Bxc7 Rxa3 23. Bxb6 Ra2 24. Bb5 h5 25. Rc1 Be5 26. g3 Kg7 27. Bc4
Rb2 28. Bxb3 Rxb3 29. Rc4 f5 30. Bc7 Bf6 31. Bb6 Rc3 32. Rxc3 Bxc3 33. Bc5 Kf6
34. Kg2 Be5 35. f3 Ke6 36. g4 Kd5 37. Be7 Kc4 38. f4 Bc3 39. gxh5 gxh5 40. Bd6
b5 41. Kf2 Bxb4 42. Bxb4 Kxb4 43. Kg3 Kc4 44. Kh4 b4 45. Kxh5 b3 46. h4 b2 47.
Kg5 b1=Q 48. Kxf5 Qb5+ 49. Kg6 Qb6+ 0-1

[Event "Deutsche Meisterschaft 2013"]
[Site "Saarbrücken"]
[Date "2013.09.13"]
[Round "8.12"]
[White "Krassowizkij, Jaroslaw"]
[Black "Litwak, Aleksej"]
[Result "0-1"]
[WhiteElo "2381"]
[BlackElo "2230"]
[PlyCount "106"]
[EventDate "2013.09.05"]

1. c4 Nf6 2. g3 e6 3. Bg2 d5 4. d4 Be7 5. Nf3 O-O 6. O-O c6 7. Qc2 Nbd7 8. Nbd2
b6 9. e4 Bb7 10. e5 Ne8 11. cxd5 exd5 12. Rd1 Nc7 13. Nf1 Ne6 14. Ne3 Rc8 15.
Nf5 Re8 16. h4 c5 17. Nxe7+ Qxe7 18. Bg5 Qf8 19. Bh3 cxd4 20. Qd2 d3 21. Qxd3
d4 22. Bxe6 Rxe6 23. Nxd4 Rxe5 24. Nf3 Rd5 25. Qb3 Nc5 26. Qa3 Qd6 27. Rd2 h6
28. Be3 Qc6 29. Rxd5 Qxd5 30. Bxc5 Rxc5 31. Kg2 Rc2 32. Re1 Qd4 33. Re8+ Kh7
34. Qe3 Qxe3 35. Rxe3 Rxb2 36. a3 Ra2 37. g4 g6 38. Kg3 Bxf3 39. Rxf3 Kg7 40.
g5 h5 41. Re3 Rc2 42. f3 Kf8 43. Kh3 Rc7 44. Kg3 Re7 45. Rc3 Ke8 46. Rc6 Re5
47. a4 Kd7 48. Rc4 a6 49. Rf4 Rf5 50. Re4 Kd6 51. Rc4 b5 52. axb5 axb5 53. Rc8
b4 0-1

[Event "Deutsche Meisterschaft 2013"]
[Site "Saarbrücken"]
[Date "2013.09.13"]
[Round "8.13"]
[White "Colpe, Malte"]
[Black "Zieher, Hartmut"]
[Result "1-0"]
[WhiteElo "2338"]
[BlackElo "2300"]
[PlyCount "69"]
[EventDate "2013.09.05"]

1. d4 d5 2. c4 dxc4 3. e4 e5 4. Nf3 Bb4+ 5. Nc3 exd4 6. Nxd4 Qe7 7. f3 Nf6 8.
a3 Bc5 9. Qa4+ c6 10. Qxc4 O-O 11. Be3 Na6 12. Be2 Rd8 13. Rd1 Nd5 14. Nxd5
cxd5 15. Qc2 dxe4 16. fxe4 Bd7 17. O-O Rac8 18. Qb3 Bb6 19. Bc4 Be8 20. Nf5
Qxe4 21. Bxb6 axb6 22. Bxf7+ Kh8 23. Rde1 Bxf7 24. Qxf7 Qg4 25. Ne7 Rb8 26. Rf4
Qg5 27. Ref1 h6 28. h4 Qc5+ 29. Kh1 Kh7 30. Qg6+ Kh8 31. Rf7 Qe5 32. Nf5 Rg8
33. Nxh6 Rgd8 34. Nf5 Nc5 35. Rxg7 1-0

[Event "Deutsche Meisterschaft 2013"]
[Site "Saarbrücken"]
[Date "2013.09.13"]
[Round "8.14"]
[White "Tabatt, Hendrik"]
[Black "Müller, Reinhold"]
[Result "1-0"]
[WhiteElo "2303"]
[BlackElo "2249"]
[PlyCount "53"]
[EventDate "2013.09.05"]

1. d4 Nf6 2. Nc3 c5 3. d5 d6 4. e4 g6 5. Bb5+ Bd7 6. a4 Bg7 7. Nf3 O-O 8. O-O
Bg4 9. Re1 Nbd7 10. a5 a6 11. Be2 Bxf3 12. gxf3 Ne8 13. f4 f5 14. exf5 gxf5 15.
Bd3 Nc7 16. Ne2 Kh8 17. Ng3 Nxd5 18. Bxf5 N7f6 19. Ra3 Qc7 20. Be6 Qc6 21. Nf5
Nc7 22. Nxe7 Qe8 23. Bf5 Qf7 24. Rh3 Rfd8 25. Bg6 Qc4 26. Rxh7+ Nxh7 27. Qh5
1-0

[Event "Deutsche Meisterschaft 2013"]
[Site "Saarbrücken"]
[Date "2013.09.13"]
[Round "8.15"]
[White "Vatter, Hans-Joachim"]
[Black "Marcziter, Dmitrii"]
[Result "1/2-1/2"]
[WhiteElo "2288"]
[BlackElo "2265"]
[PlyCount "80"]
[EventDate "2013.09.05"]

1. e4 c5 2. Nf3 a6 3. c3 d5 4. exd5 Qxd5 5. d4 Nf6 6. Be3 Bg4 7. dxc5 Qxd1+ 8.
Kxd1 e5 9. Be2 Nc6 10. Nbd2 Nd5 11. Nb3 a5 12. a4 O-O-O 13. Ke1 Be6 14. Nfd2 f5
15. Nc4 Be7 16. Nbxa5 Nxa5 17. Nxa5 f4 18. Bd2 Bxc5 19. b4 Be7 20. Rb1 Bf5 21.
Rb2 e4 22. c4 Bf6 23. Rb3 e3 24. fxe3 fxe3 25. Bxe3 Nxb4 26. Kf2 Nd3+ 27. Bxd3
Bxd3 28. Nxb7 Bh4+ 29. g3 Rhf8+ 30. Ke1 Bc2 31. Nxd8 Bxb3 32. Ne6 Re8 33. gxh4
Rxe6 34. Kd2 Bxa4 35. Ra1 Bc6 36. h5 Re5 37. h6 gxh6 38. Rg1 Re4 39. Kd3 Rh4
40. Rg7 Bd7 1/2-1/2

[Event "Deutsche Meisterschaft 2013"]
[Site "Saarbrücken"]
[Date "2013.09.13"]
[Round "8.16"]
[White "Schlenker, Jörg"]
[Black "Braun, Vitali"]
[Result "1-0"]
[WhiteElo "2217"]
[BlackElo "2403"]
[PlyCount "71"]
[EventDate "2013.09.05"]

1. e4 g6 2. d4 Bg7 3. Be3 d6 4. Nc3 a6 5. a4 b6 6. Be2 Bb7 7. f4 e6 8. Bf3 Ne7
9. g4 Nd7 10. h4 c5 11. h5 Qc7 12. h6 Bxd4 13. Bxd4 cxd4 14. Qxd4 e5 15. Qd2
exf4 16. O-O-O O-O-O 17. Qxf4 Ne5 18. Kb1 Kb8 19. Qf6 Rhf8 20. Rh3 Bc8 21. Rg3
Be6 22. Be2 Ka7 23. g5 Rc8 24. Qf1 Bc4 25. b3 Bxe2 26. Ngxe2 d5 27. Nd4 Kb7 28.
exd5 Qd6 29. Qg2 Rfd8 30. Rd2 Kb8 31. Re3 Rxc3 32. Rxc3 Nxd5 33. Rg3 Qb4 34.
Qe2 Ka7 35. Qxe5 Qxd2 36. Nc6+ 1-0

[Event "Deutsche Meisterschaft 2013"]
[Site "Saarbrücken"]
[Date "2013.09.13"]
[Round "8.17"]
[White "Commercon, Simon"]
[Black "Bastian, Herbert"]
[Result "0-1"]
[WhiteElo "2187"]
[BlackElo "2339"]
[PlyCount "94"]
[EventDate "2013.09.05"]

1. d4 Nf6 2. Bg5 g6 3. Bxf6 exf6 4. g3 Bg7 5. Bg2 O-O 6. e3 d6 7. Ne2 c6 8. O-O
Nd7 9. Nd2 f5 10. c4 Re8 11. b4 Nf6 12. Rb1 Ne4 13. Qc2 Qe7 14. Rb3 h5 15. Nf4
Bh6 16. c5 d5 17. h4 Kh7 18. Nf3 Qc7 19. b5 Bd7 20. Ne5 Rxe5 21. dxe5 Qxe5 22.
Rd1 Qe7 23. bxc6 bxc6 24. Bxe4 fxe4 25. Rb7 Bxf4 26. exf4 Qe6 27. Qc3 Re8 28.
Rdb1 Qf5 29. Rb8 Bc8 30. R1b7 Kg8 31. Rxa7 e3 32. fxe3 Qg4 33. Qe1 d4 34. e4 d3
35. Ra3 Rd8 36. Rb2 Qf3 37. Rd2 Bh3 38. Kh2 Be6 39. Rc3 Rd4 40. Qh1 Qe3 41. Qg2
Bg4 42. Rb2 Rxe4 43. Ra3 Bf3 44. Qf2 Qc1 45. Rb8+ Kh7 46. Qxf3 Re2+ 47. Kh3 Qg1
0-1

[Event "Deutsche Meisterschaft 2013"]
[Site "Saarbrücken"]
[Date "2013.09.13"]
[Round "8.18"]
[White "Frischmann, Rick"]
[Black "Seyfried, Claus"]
[Result "0-1"]
[WhiteElo "2230"]
[BlackElo "2185"]
[PlyCount "52"]
[EventDate "2013.09.05"]

1. e4 e5 2. f4 exf4 3. Bc4 Nf6 4. Nc3 c6 5. Bb3 d5 6. exd5 cxd5 7. Nf3 Bb4 8.
O-O O-O 9. d4 Bxc3 10. bxc3 Qc7 11. Qe1 Nc6 12. Qh4 Ne7 13. Bxf4 Qxc3 14. Bd2
Qc7 15. Ne5 Ng6 16. Nxg6 fxg6 17. Bb4 Rd8 18. Rae1 Bf5 19. Be7 Rd7 20. Bxf6
gxf6 21. g4 Bxc2 22. Rc1 Qb6 23. Rxc2 Qxd4+ 24. Rff2 Re8 25. Qxf6 Re1+ 26. Kg2
Qxg4# 0-1

[Event "Deutsche Meisterschaft 2013"]
[Site "Saarbrücken"]
[Date "2013.09.13"]
[Round "8.19"]
[White "Schellmann, Frank"]
[Black "Bär, Sören"]
[Result "1-0"]
[WhiteElo "2098"]
[BlackElo "2139"]
[PlyCount "111"]
[EventDate "2013.09.05"]

1. e4 g6 2. d4 Bg7 3. Nc3 d5 4. exd5 Nf6 5. Nf3 Nxd5 6. Bc4 Nb6 7. Bb3 O-O 8.
Be3 a5 9. a3 a4 10. Ba2 Bg4 11. h3 Bxf3 12. Qxf3 Nc6 13. O-O-O Qd7 14. Ne4 Qf5
15. Qxf5 gxf5 16. Ng3 e6 17. Nh5 Rfd8 18. Nxg7 Kxg7 19. g4 Nd5 20. gxf5 Nxe3
21. fxe3 exf5 22. Rdf1 Ne7 23. Rf3 Rd6 24. c3 Rg6 25. e4 Rf6 26. Rg1+ Kf8 27.
Rgf1 Ra5 28. d5 Rh6 29. c4 f6 30. exf5 Rc5 31. Rd1 Rh5 32. d6 cxd6 33. Rxd6
Rhxf5 34. Rxf6+ Kg7 35. R6xf5 Nxf5 36. Kd2 Nd6 37. Kd3 Nf7 38. Kd4 Rc7 39. c5
Rd7+ 40. Bd5 Ng5 41. Rg3 Kf6 42. Kc4 h6 43. h4 Nh7 44. Rg8 Ke5 45. Re8+ Kf4 46.
Re6 h5 47. Rb6 Ke5 48. Rxb7 Rxd5 49. Rxh7 Rd4+ 50. Kb5 Rxh4 51. c6 Rh2 52. c7
Rxb2+ 53. Kc6 Rc2+ 54. Kd7 Rd2+ 55. Ke7 Rc2 56. Kd8 1-0

[Event "Deutsche Meisterschaft 2013"]
[Site "Saarbrücken"]
[Date "2013.09.13"]
[Round "8.20"]
[White "Lochte, Thomas"]
[Black "Paul, Johannes"]
[Result "0-1"]
[WhiteElo "2141"]
[BlackElo "2227"]
[PlyCount "96"]
[EventDate "2013.09.05"]

1. e4 e6 2. d4 d5 3. Nd2 Nf6 4. e5 Nfd7 5. Bd3 c5 6. c3 Nc6 7. Ne2 cxd4 8. cxd4
f6 9. Nf4 Nxd4 10. Qh5+ Ke7 11. exf6+ gxf6 12. Ng6+ hxg6 13. Qxh8 Ne5 14. Bxg6
Nxg6 15. Qh7+ Kd6 16. Qxg6 e5 17. O-O Bf5 18. Qf7 Qe7 19. Qxe7+ Bxe7 20. Nb3
Ne2+ 21. Kh1 d4 22. Re1 d3 23. Be3 Rc8 24. Rad1 Rc2 25. Rd2 Rxd2 26. Bxd2 Kd5
27. a3 b6 28. Be3 Bg6 29. Rd1 e4 30. Nc1 Bh5 31. f3 Kc4 32. g4 Bg6 33. Kg2 Nd4
34. f4 f5 35. h3 Nc2 36. Bf2 Be8 37. Bg1 Ba4 38. b3+ Bxb3 39. Nxb3 Kxb3 40. g5
Bxa3 41. h4 Kc3 42. h5 Bf8 43. Kg3 e3 44. Bxe3 Nxe3 45. Rh1 d2 46. h6 a5 47.
Kh4 Ng2+ 48. Kg3 Ne1 0-1

[Event "Deutsche Meisterschaft 2013"]
[Site "Saarbrücken"]
[Date "2013.09.13"]
[Round "8.21"]
[White "Jussupow, Nadia"]
[Black "Schreiber, Kevin"]
[Result "1/2-1/2"]
[WhiteElo "2156"]
[BlackElo "1920"]
[PlyCount "128"]
[EventDate "2013.09.05"]

1. Nf3 d5 2. g3 Nf6 3. Bg2 c6 4. O-O Bg4 5. d4 Nbd7 6. b3 Bxf3 7. Bxf3 e5 8.
dxe5 Nxe5 9. Bg2 Bc5 10. Ba3 Bxa3 11. Nxa3 Qe7 12. Qc1 O-O 13. c4 Rad8 14. cxd5
Nxd5 15. Nc4 Rfe8 16. Rb1 Nxc4 17. bxc4 Nb6 18. e3 Qc5 19. Qc2 Rd6 20. a4 Red8
21. Be4 g6 22. a5 Rd2 23. Qc3 Qxc4 24. Qxc4 Nxc4 25. Rxb7 Nd6 26. Rb4 c5 27.
Ra4 c4 28. Bf3 c3 29. Rc1 c2 30. Rd4 Rxd4 31. exd4 Nb5 32. Rxc2 Nxd4 33. Rc3
Nxf3+ 34. Rxf3 Rd1+ 35. Kg2 Ra1 36. Rb3 Rxa5 37. Rb7 Ra2 38. h4 a5 39. Ra7 h5
40. Kf3 a4 41. Ke3 Kg7 42. Ra6 a3 43. Kf3 Ra1 44. Kg2 Kf8 45. Ra7 Ke8 46. Kf3
f6 47. Kg2 Kd8 48. Ra6 Kc7 49. Rxf6 Kb7 50. Rf3 Kc6 51. Re3 Kc5 52. Re5+ Kc4
53. Re4+ Kc3 54. Re3+ Kc2 55. Re2+ Kd1 56. Re3 Kc2 57. Re2+ Kd3 58. Re3+ Kc2
59. Re2+ Kd3 60. Re3+ Kd4 61. Kf3 Kc4 62. Re4+ Kd3 63. Re3+ Kd2 64. Kf4 a2
1/2-1/2

[Event "Deutsche Meisterschaft 2013"]
[Site "Saarbrücken"]
[Date "2013.09.14"]
[Round "9.1"]
[White "Bischoff, Klaus"]
[Black "Graf, Felix"]
[Result "1/2-1/2"]
[WhiteElo "2500"]
[BlackElo "2481"]
[PlyCount "86"]
[EventDate "2013.09.05"]

1. Nf3 Nf6 2. c4 e6 3. Nc3 Bb4 4. Qc2 O-O 5. a3 Bxc3 6. Qxc3 d6 7. d3 e5 8. g3
Nc6 9. Bg2 a5 10. b3 Re8 11. Bg5 Bg4 12. Nd2 h6 13. Bxf6 Qxf6 14. h3 Bf5 15. e3
Qg6 16. Rd1 Nd4 17. Ne4 Bxe4 18. Bxe4 f5 19. Bd5+ Kh8 20. Qb2 c6 21. Bg2 Ne6
22. b4 axb4 23. axb4 f4 24. Be4 Qg5 25. h4 Qe7 26. O-O Rf8 27. Qe2 Qf6 28. Qg4
Ra2 29. gxf4 exf4 30. d4 fxe3 31. fxe3 Rf2 32. Bg2 g5 33. hxg5 Nxg5 34. Qg3
Rxf1+ 35. Rxf1 Qe7 36. Rxf8+ Qxf8 37. c5 d5 38. b5 Kg8 39. b6 Qa8 40. Qc7 Qe8
41. Kf2 Qf8+ 42. Kg1 Qe8 43. Kf2 Qf8+ 1/2-1/2

[Event "Deutsche Meisterschaft 2013"]
[Site "Saarbrücken"]
[Date "2013.09.14"]
[Round "9.2"]
[White "Wagner, Dennis"]
[Black "Stern, Rene"]
[Result "1/2-1/2"]
[WhiteElo "2472"]
[BlackElo "2509"]
[PlyCount "79"]
[EventDate "2013.09.05"]

1. c4 e6 2. g3 d5 3. Bg2 Nf6 4. Nf3 Be7 5. O-O O-O 6. b3 c5 7. Bb2 Nc6 8. e3 d4
9. exd4 cxd4 10. Re1 Re8 11. d3 Bc5 12. Ne5 Nxe5 13. Rxe5 Nd7 14. Re2 e5 15. a3
a5 16. Qe1 Qb6 17. Nd2 Nf6 18. Rxe5 Bg4 19. h3 Rxe5 20. Qxe5 Re8 21. Qf4 Bh5
22. g4 Bg6 23. Qf3 h5 24. g5 Nd7 25. Qd5 Nf8 26. Ne4 Qxb3 27. Bxd4 Bxd4 28.
Qxd4 Ne6 29. Qe3 Rd8 30. Bf1 Qb2 31. Qc1 Qe5 32. Rb1 Bxe4 33. Qe3 Qxg5+ 34.
Qxg5 Nxg5 35. dxe4 Nxe4 36. Rxb7 Rd1 37. Kg2 Rd2 38. Kg1 Rd1 39. Kg2 Rd2 40.
Kg1 1/2-1/2

[Event "Deutsche Meisterschaft 2013"]
[Site "Saarbrücken"]
[Date "2013.09.14"]
[Round "9.3"]
[White "Svane, Rasmus"]
[Black "Donchenko, Alexander"]
[Result "1/2-1/2"]
[WhiteElo "2445"]
[BlackElo "2467"]
[PlyCount "62"]
[EventDate "2013.09.05"]

1. c4 c5 2. g3 Nc6 3. Bg2 g6 4. Nc3 Bg7 5. Nf3 d6 6. O-O Nf6 7. a3 O-O 8. Rb1
a5 9. d3 Bd7 10. Bd2 Ne8 11. Ne1 Nc7 12. Nc2 Rb8 13. b4 axb4 14. axb4 cxb4 15.
Nxb4 Nxb4 16. Rxb4 b5 17. Nxb5 Nxb5 18. cxb5 Rxb5 19. Rxb5 Bxb5 20. Qb3 Bd7 21.
Rb1 Qc7 22. Bg5 e6 23. Bf3 d5 24. Rc1 Qb8 25. Qxb8 Rxb8 26. Rc7 Be8 27. Kg2 Be5
28. Ra7 Bd4 29. Rc7 Be5 30. Ra7 Bd4 31. Rc7 Be5 1/2-1/2